Modeling and analysis of different control techniques on industrial robotic three degree of freedom crane / (Record no. 541180)

000 -LEADER
fixed length control field 00641nam a22001697a 4500
020 ## - INTERNATIONAL STANDARD BOOK NUMBER
Qualifying information Hard Cover.
082 ## - DEWEY DECIMAL CLASSIFICATION NUMBER
Classification number 629.8
100 ## - MAIN ENTRY--PERSONAL NAME
Personal name Muhammad Faisal.
245 ## - TITLE STATEMENT
Title Modeling and analysis of different control techniques on industrial robotic three degree of freedom crane /
Statement of responsibility, etc. Muhammad Faisal.
260 ## - PUBLICATION, DISTRIBUTION, ETC.
Place of publication, distribution, etc. Islamabad:
Name of publisher, distributor, etc. SMME - NUST,
Date of publication, distribution, etc. 2015.
300 ## - PHYSICAL DESCRIPTION
Extent 63 p. :
Other physical details ill. ;
Dimensions 30cm.
650 ## - SUBJECT ADDED ENTRY--TOPICAL TERM
Topical term or geographic name entry element Robotics and Intelligent Machine Engineering MS-Thesis.
700 ## - ADDED ENTRY--PERSONAL NAME
Personal name Dr. Mohsin Jamil
856 ## - Uniform Resource Identifier
Uniform Resource Identifier <a href="http://10.250.8.41:8080/xmlui/handle/123456789/9298">http://10.250.8.41:8080/xmlui/handle/123456789/9298</a>
942 ## - ADDED ENTRY ELEMENTS (KOHA)
Source of classification or shelving scheme
Koha item type Thesis
650 ## - SUBJECT ADDED ENTRY--TOPICAL TERM
-- 16127
700 ## - ADDED ENTRY--PERSONAL NAME
-- 16128
Holdings
Withdrawn status Lost status Source of classification or shelving scheme Damaged status Not for loan Permanent Location Current Location Shelving location Date acquired Full call number Barcode Date last seen Price effective from Non-public note Koha item type
          Central Library (CL) Central Library (CL) Thesis 11/23/2020 629.8 CL-T-1480 11/23/2020 11/23/2020 Minute Sheet No. 0929/02/CL/Survey/5 dated 23rd April 2024 E-MIN ID 114741 Thesis
© 2023 Central Library, National University of Sciences and Technology. All Rights Reserved.